Movilidad de cadmio en columnas de suelo agrícola como indicador de riesgo de contaminación de acuíferos/ (Record no. 220709)
[ view plain ]
| 000 -CABECERA | |
|---|---|
| campo de control de longitud fija | 02808nam a2200349 a 4500 |
| 003 - IDENTIFICADOR DEL NÚMERO DE CONTROL | |
| campo de control | OSt |
| 005 - FECHA Y HORA DE LA ÚLTIMA TRANSACCIÓN | |
| campo de control | 20250811141829.0 |
| 007 - CAMPO FIJO DE DESCRIPCIÓN FÍSICA--INFORMACIÓN GENERAL | |
| campo de control de longitud fija | cr ||||||a|a|a |
| 008 - DATOS DE LONGITUD FIJA--INFORMACIÓN GENERAL | |
| campo de control de longitud fija | 250630s2025 mx a|||fom||| 001 0 spa d |
| 040 ## - FUENTE DE LA CATALOGACIÓN | |
| Normas de descripción | rda |
| 100 1# - ENTRADA PRINCIPAL--NOMBRE DE PERSONA | |
| Nombre de persona | Gomez Champo, Yaini Leticia |
| 9 (RLIN) | 190539 |
| 245 10 - MENCIÓN DE TÍTULO | |
| Título | Movilidad de cadmio en columnas de suelo agrícola como indicador de riesgo de contaminación de acuíferos/ |
| Mención de responsabilidad, etc. | por Yaini Leticia Gomez Champo; director de tesis Antonio Vázquez Alarcón; secretario Francisco Rodríguez Neave; vocal Prócoro Díaz Vargas; suplente Edmundo Robledo Santoyo; suplente Luis Velazquez Ramirez. |
| 264 #1 - PRODUCCIÓN, PUBLICACIÓN, DISTRIBUCIÓN, FABRICACIÓN Y COPYRIGHT | |
| Producción, publicación, distribución, fabricación y copyright | Chapingo, México : |
| Nombre del de productor, editor, distribuidor, fabricante | El autor, |
| Fecha de producción, publicación, distribución, fabricación o copyright | 2024. |
| 300 ## - DESCRIPCIÓN FÍSICA | |
| Extensión | 1 recurso en línea (59 páginas): |
| Otras características físicas | cuadros, figuras. |
| 336 ## - TIPO DE CONTENIDO | |
| Fuente | rdacontent |
| Término de tipo de contenido | texto |
| Código de tipo de contenido | txt |
| 337 ## - TIPO DE MEDIO | |
| Fuente | rdamedia |
| Nombre/término del tipo de medio | computadora |
| Código del tipo de medio | c |
| 338 ## - TIPO DE SOPORTE | |
| Fuente | rdacarrier |
| Nombre/término del tipo de soporte | recurso en línea |
| Código del tipo de soporte | cr |
| 502 ## - NOTA DE TESIS | |
| Tipo de título | Ingeniero Agrónomo Especialista en Suelos |
| Nombre de la institución que otorga el título | Departamento de Enseñanza, Investigación y Servicio en Suelos, |
| Año de obtención del título | 2024. |
| Información miscelánea | Licenciatura |
| 504 ## - NOTA DE BIBLIOGRAFÍA, ETC. | |
| Nota de bibliografía, etc. | Incluye referencias bibliográficas: páginas 35-41. |
| 520 ## - SUMARIO, ETC. | |
| Sumario, etc. | La contaminación por cadmio en suelos agrícolas y acuíferos representa un problema ambiental grave, debido a su naturaleza no biodegradable. La introducción de este metal puede deberse a diversas actividades, entre ellas la agricultura. El objetivo del presente estudio fue estimar y cuantificar la movilidad de cadmio, así como su fraccionamiento químico. El suelo utilizado provino del lote X-11 del Campo agrícola Experimental de la Universidad Autónoma Chapingo. El experimento se condujo en columnas de suelo y cada columna se contaminó con 200 mg/kg de Cadmio. Se le añadieron las láminas de agua (500, 1000 y 2000 mm) y se obtuvieron muestras que se sometieron al procedimiento de extracción secuencial con el método de Tessier y fueron analizadas mediante espectrofotometría de absorción atómica. Los resultados obtenidos muestran una marcada acumulación de cadmio en las secciones superiores de cada fracción y se disminuyó en las secciones inferiores. La mayor concentración de cadmio se obtuvo en la fracción ligada a carbonato, seguido del cadmio intercambiable, siendo este último el que tendría más tendencia a movilizarse a las partes inferiores o incluso al acuífero. |
| 650 #4 - PUNTO DE ACCESO ADICIONAL DE MATERIA--TÉRMINO DE MATERIA | |
| Término de materia o nombre geográfico como elemento de entrada | Suelos |
| Subdivisión general | Análisis |
| 9 (RLIN) | 110204 |
| 650 #4 - PUNTO DE ACCESO ADICIONAL DE MATERIA--TÉRMINO DE MATERIA | |
| Término de materia o nombre geográfico como elemento de entrada | Suelos |
| Subdivisión general | Contaminación |
| 9 (RLIN) | 110327 |
| 650 #4 - PUNTO DE ACCESO ADICIONAL DE MATERIA--TÉRMINO DE MATERIA | |
| Término de materia o nombre geográfico como elemento de entrada | Suelos |
| Subdivisión general | Cadmio en |
| 9 (RLIN) | 110224 |
| 650 #4 - PUNTO DE ACCESO ADICIONAL DE MATERIA--TÉRMINO DE MATERIA | |
| Término de materia o nombre geográfico como elemento de entrada | Agua |
| Subdivisión general | Contaminación |
| 9 (RLIN) | 2351 |
| 700 1# - PUNTO DE ACCESO ADICIONAL--NOMBRE DE PERSONA | |
| Nombre de persona | Vázquez Alarcón, Antonio |
| 9 (RLIN) | 120293 |
| 700 1# - PUNTO DE ACCESO ADICIONAL--NOMBRE DE PERSONA | |
| Nombre de persona | Rodríguez Neave, Francisco |
| 9 (RLIN) | 98741 |
| Término indicativo de función/relación | secretario. |
| 700 1# - PUNTO DE ACCESO ADICIONAL--NOMBRE DE PERSONA | |
| Nombre de persona | Díaz Vargas, Prócoro |
| 9 (RLIN) | 187166 |
| Término indicativo de función/relación | vocal. |
| 700 1# - PUNTO DE ACCESO ADICIONAL--NOMBRE DE PERSONA | |
| Nombre de persona | Robledo Santoyo, Edmundo |
| 9 (RLIN) | 98041 |
| Término indicativo de función/relación | suplente. |
| 700 1# - PUNTO DE ACCESO ADICIONAL--NOMBRE DE PERSONA | |
| Nombre de persona | Velázquez Ramírez, Luis |
| Término indicativo de función/relación | suplente. |
| 9 (RLIN) | 118613 |
| 856 ## - LOCALIZACIÓN Y ACCESO ELECTRÓNICOS | |
| Identificador Uniforme del Recurso | http://10.13.5.2/tesis/tl/1910856-8_GOMEZ_CHAMPO_YAINILETICIA.pdf |
| Nota pública | DESCARGAR PDF |
| 942 ## - ELEMENTOS DE PUNTO DE ACCESO ADICIONAL (KOHA) | |
| Fuente del sistema de clasificación o colocación | Clasificación Universidad Autónoma Chapingo |
| Tipo de ítem Koha | Tesis digital |
| Estado de retiro | Estado de pérdida | Fuente del sistema de clasificación o colocación | Estado dañado | Restricciones de uso | No para préstamo | Código de colección | Localización permanente | Ubicación/localización actual | Fecha de adquisición | Total de préstamos | Signatura topográfica completa | Fecha visto por última vez | Precio válido a partir de | Tipo de ítem Koha |
|---|---|---|---|---|---|---|---|---|---|---|---|---|---|---|
| Clasificación Universidad Autónoma de Chapingo | Préstamo interno | Tesis digitales de Licenciatura | Biblioteca Digital | Biblioteca Digital | 30/06/2025 | Tesis digital | 30/06/2025 | 30/06/2025 | Tesis digital |
